000 00583nam a2200241 a 4500
001 nice12345678
003 IN_TiNIC
005 20260116014826.0
008 050524s1978 dela grp 000 0 eng
020 _a0748675
_c552
082 0 0 _a616
_bULL
100 _aUllman, Manfred
245 _aIslamic Medicine
260 _aDelhi
_bMittal Publication
_c1978
300 _a138p
500 _aincludes index and biblioraphy
505 2 _aNotes, Index
650 _aArabian-Medicine
700 1 _aUllman, Manfred
902 _bSRS
942 _cBK
999 _c17151
_d17151